000 00698nam a2200205Ia 4500
003 GCL
008 140319s9999 xx 000 0 ara d
040 _aGCL /
_cGCL
082 0 4 _a301.21
_bم ا
100 1 _aمهدى عامل
245 1 0 _aازمة الحضارة العربية ام ازمة البرجوازية العربية /
_cمهدى عامل
260 _a[S.N] :
_bدار الفارابى ،
_c1989
300 _a160 ص
490 _a
650 0 4 _aالعالم العربى
650 0 4 _aالحضارة العربية الاسلامية - المعارف البحرية
650 0 4 _aالثقافة العربية
650 0 4 _aالحضارة الحديثة
942 _2ddc
_cBK
999 _c30829
_d30829